Алгоритмы выделения лиц на статических RGB изображениях и в видеопотоке; Известия Томского политехнического университета [Известия ТПУ]; Т. 320, № 5 : Управление, вычислительная техника и информатика
| Parent link: | Известия Томского политехнического университета [Известия ТПУ]/ Томский политехнический университет (ТПУ).— , 2000- Т. 320, № 5 : Управление, вычислительная техника и информатика.— 2012.— [С. 65-69] |
|---|---|
| Autor principal: | |
| Sumari: | Заглавие с титульного листа Электронная версия печатной публикации Разработаны алгоритмы выделения лиц на статических изображениях и в видеопотоке: алгоритм обнаружения лица с помощью цветовой сегментации, алгоритм выделения лиц на статических RGB изображениях с помощью деформируемых эллиптических моделей, метод статических моментов для выделения лиц в видеопотоке. |
| Idioma: | rus |
| Publicat: |
2012
|
| Col·lecció: | Управление, вычислительная техника и информатика |
| Matèries: | |
| Accés en línia: | http://earchive.tpu.ru/bitstream/11683/4246/1/bulletin_tpu-2012-320-5-12.pdf |
| Format: | Electrònic Capítol de llibre |
| KOHA link: | https://koha.lib.tpu.ru/cgi-bin/koha/opac-detail.pl?biblionumber=220560 |
MARC
| LEADER | 00000nla2a2200000 4500 | ||
|---|---|---|---|
| 001 | 220560 | ||
| 005 | 20240201174400.0 | ||
| 035 | |a (RuTPU)RU\TPU\book\240685 | ||
| 035 | |a RU\TPU\book\240684 | ||
| 090 | |a 220560 | ||
| 100 | |a 20120828d2012 k y0rusy50 ca | ||
| 101 | 0 | |a rus | |
| 102 | |a RU | ||
| 135 | |a drnn ---uucaa | ||
| 181 | 0 | |a i | |
| 182 | 0 | |a b | |
| 200 | 1 | |a Алгоритмы выделения лиц на статических RGB изображениях и в видеопотоке |f А. А. Друки | |
| 203 | |a Текст |c электронный | ||
| 215 | |a 1 файл (239 Кб) | ||
| 225 | 1 | |a Управление, вычислительная техника и информатика | |
| 300 | |a Заглавие с титульного листа | ||
| 300 | |a Электронная версия печатной публикации | ||
| 320 | |a [Библиогр.: с. 69 (10 назв.)] | ||
| 330 | |a Разработаны алгоритмы выделения лиц на статических изображениях и в видеопотоке: алгоритм обнаружения лица с помощью цветовой сегментации, алгоритм выделения лиц на статических RGB изображениях с помощью деформируемых эллиптических моделей, метод статических моментов для выделения лиц в видеопотоке. | ||
| 337 | |a Adobe Reader | ||
| 461 | 1 | |0 (RuTPU)RU\TPU\book\176237 |t Известия Томского политехнического университета [Известия ТПУ] |f Томский политехнический университет (ТПУ) |d 2000- | |
| 463 | 1 | |0 (RuTPU)RU\TPU\book\239280 |x 1684-8519 |t Т. 320, № 5 : Управление, вычислительная техника и информатика |v [С. 65-69] |d 2012 |p 153 с. | |
| 610 | 1 | |a обработка изображений | |
| 610 | 1 | |a лица | |
| 610 | 1 | |a выделение | |
| 610 | 1 | |a метод деформируемых эталонов | |
| 610 | 1 | |a метод статических моментов | |
| 610 | 1 | |a цветовая сегментация | |
| 610 | 1 | |a видеопотоки | |
| 610 | 1 | |a труды учёных ТПУ | |
| 610 | 1 | |a электронный ресурс | |
| 700 | 1 | |a Друки |b А. А. |c специалист в области информатики и вычислительной техники |c ассистент Томского политехнического университета, инженер |f 1985- |g Алексей Алексеевич |3 (RuTPU)RU\TPU\pers\28638 |9 13454 | |
| 801 | 1 | |a RU |b 63413507 |c 20090623 |g PSBO | |
| 801 | 2 | |a RU |b 63413507 |c 20211230 |g PSBO | |
| 856 | 4 | |u http://earchive.tpu.ru/bitstream/11683/4246/1/bulletin_tpu-2012-320-5-12.pdf | |
| 942 | |c CF | ||